The sixth form at St. Clare's / (Record no. 21617)
[ view plain ]
| 000 -LEADER | |
|---|---|
| fixed length control field | 02409nam a22003614a 4500 |
| 005 - DATE AND TIME OF LATEST TRANSACTION | |
| control field | 20050803152059.0 |
| 008 - FIXED-LENGTH DATA ELEMENTS--GENERAL INFORMATION | |
| fixed length control field | 030618s2004 nyua b b 001 1 eng |
| 010 ## - LCCN (DPL NO) | |
| LC control number | B-358811 |
| 020 ## - INTERNATIONAL STANDARD BOOK NUMBER | |
| International Standard Book Number | 0749742690 |
| Terms of availability | 110.00 |
| 020 ## - INTERNATIONAL STANDARD BOOK NUMBER | |
| International Standard Book Number | 9780749742690 |
| Terms of availability | 110.00 |
| 035 ## - SYSTEM CONTROL NUMBER | |
| System control number | B-358811 |
| 035 ## - SYSTEM CONTROL NUMBER | |
| System control number | B-334861-867 |
| 037 ## - SOURCE OF ACQUISITION | |
| Source of stock number/acquisition | Blueberry Books |
| 040 ## - CATALOGING SOURCE | |
| Original cataloging agency | dpl |
| Language of cataloging | English |
| 082 ## - DEWEY DECIMAL CLASSIFICATION NUMBER | |
| Classification number | S |
| 100 ## - MAIN ENTRY--PERSONAL NAME | |
| Personal name | Cox, Pamela |
| 245 ## - TITLE STATEMENT | |
| Title | The sixth form at St. Clare's / |
| Statement of responsibility, etc | by Pamela Cox |
| 260 ## - PUBLICATION, DISTRIBUTION, ETC. (IMPRINT) | |
| Place of publication, distribution, etc | London |
| Name of publisher, distributor, etc | Egmont Books |
| Date of publication, distribution, etc | 2008 |
| 270 ## - ADDRESS | |
| Address | 239 Kensington High Street, |
| City | London |
| Postal code | W8 6SA |
| 300 ## - PHYSICAL DESCRIPTION | |
| Extent | 162p. |
| Dimensions | 18cm(pbk) |
| 440 ## - SERIES STATEMENT/ADDED ENTRY--TITLE | |
| Title | St. Clare's -8; edited by Enid Blyton |
| 942 ## - ADDED ENTRY ELEMENTS (KOHA) | |
| Source of classification or shelving scheme | Dewey Decimal Classification |
| Item type | Children Books |
| Call number suffix | COX |
| Classification part | S |
| Withdrawn status | Lost status | Source of classification or shelving scheme | Damaged status | Not for loan | Collection code | Home library | Current library | Date acquired | Source of acquisition | Cost, normal purchase price | Total Checkouts | Full call number | Barcode | Date last seen | Copy number | Cost, replacement price | Koha item type | Total Renewals | Checked out |
|---|---|---|---|---|---|---|---|---|---|---|---|---|---|---|---|---|---|---|---|
| Dewey Decimal Classification | Fiction | Central Library | Central Library | 06/01/2010 | Blue Berry /5143/26.5.09/3/22.4.09/3.6.09 | 110.00 | 2 | S COX | B-334862 | 18/01/2022 | 1 | 110.00 | Children Books | 1 | |||||
| Written-off vide DLB M. No. 383 dt 16.05.19 | Dewey Decimal Classification | Fiction | Janak Puri | Janak Puri | 03/10/2009 | Blueberry Books/5312/14.9.09/82/2.9.09/24.9.09 | 110.00 | 2 | COX | B-358811 | 28/06/2018 | 1 | 110.00 | Children Books | |||||
| Dewey Decimal Classification | Fiction | Karol Bagh | Karol Bagh | 06/01/2010 | Blue Berry /5143/26.5.09/3/22.4.09/3.6.09 | 110.00 | S COX | B-334866 | 06/01/2010 | 1 | 110.00 | Children Books | |||||||
| Dewey Decimal Classification | Fiction | Mobile Library | Mobile Library | 06/01/2010 | Blue Berry /5143/26.5.09/3/22.4.09/3.6.09 | 110.00 | S COX | B-334861 | 06/01/2010 | 1 | 110.00 | Children Books | |||||||
| Written-off vide DLB M. No. 383 dt 16.05.19 | Dewey Decimal Classification | Fiction | Patel Nagar | Patel Nagar | 06/01/2010 | Blue Berry /5143/26.5.09/3/22.4.09/3.6.09 | 110.00 | S COX | B-334863 | 06/01/2010 | 1 | 110.00 | Children Books | ||||||
| Dewey Decimal Classification | Fiction | Sarojini Nagar | Sarojini Nagar | 06/01/2010 | Blue Berry /5143/26.5.09/3/22.4.09/3.6.09 | 110.00 | 4 | S COX | B-334864 | 13/09/2025 | 1 | 110.00 | Children Books | 6 | |||||
| Dewey Decimal Classification | Fiction | Shahdara Branch | Shahdara Branch | 06/01/2010 | Blue Berry /5143/26.5.09/3/22.4.09/3.6.09 | 110.00 | S COX | B-334867 | 06/01/2010 | 1 | 110.00 | Children Books | |||||||
| Dewey Decimal Classification | Fiction | Vinoba Puri | Vinoba Puri | 06/01/2010 | Blue Berry /5143/26.5.09/3/22.4.09/3.6.09 | 110.00 | 1 | S COX | B-334865 | 25/06/2010 | 1 | 110.00 | Children Books | 09/07/2010 |
